Holiday Quiz

Random Holiday or Clickable Quiz

Clickable Valentine's Day Jokes Quiz Stats

Quiz Updated Feb 11, 2016

Challenge
Share
Tweet
Embed
Score 0/20 Timer 05:00
0 Plays Today
% Correct
A valen-tiny!
94.8%
Forget-me-nuts.
94.7%
His ghoul-friend.
94.6%
Tweethearts.
94.5%
You turn me on.
94%
I've got a crutch on you.
93.9%
They're very scent-imental.
93.8%
Are you in the mood for a little row-mance?
93.7%
I'm stuck on you!
93.6%
They canteloupe.
93.2%
% Correct
He gave her a ring.
93.1%
You mean a great dill to me.
92.9%
She didn't suit his taste.
92.8%
It was a case of guppy love.
92.6%
You're fun to hang around with!
91.9%
Ughs and kisses.
91.6%
Cauliflowers.
90.7%
It was Valenswine's Day.
90.3%
It couldn't get a date.
88.2%
Happy Independence Day!
85.2%

You're not logged in!

Compare scores with friends on all Sporcle quizzes.
Sign Up with Email
OR
Log In

You Might Also Like...

Show Comments

Extras

Top Quizzes Today


Score Distribution

Your Account Isn't Verified!

In order to create a playlist on Sporcle, you need to verify the email address you used during registration. Go to your Sporcle Settings to finish the process.